Statistics for NHL Best Player by Team

Click here to take the quiz!

General Stats

  • This quiz has been taken 46 times
    (34 since last reset)
  • The average score is 25 of 31

Answer Stats

TeamPositionPlayer% Correct
Edmonton OilersCentreConnor McDavid
93%
Colorado AvalancheCentreNathan MacKinnon
93%
Pittsburgh PenguinsCentreSidney Crosby
93%
Washington CapitalsLeft WingAlexander Ovechkin
89%
Boston BruinsLeft WingBrad Marchand
89%
Montreal CanadiensGoaltenderCarey Price
89%
Detroit Red WingsCentreDylan Larkin
89%
Toronto Maple LeafsCentreJohn Tavares
89%
Vegas Golden KnightsGoaltenderMarc-André Fleury
89%
Chicago BlackhawksRight WingPatrick Kane
89%
Dallas StarsCentreTyler Seguin
89%
Florida PanthersCentreAleksander Barkov
86%
San Jose SharksDefenceBrent Burns
86%
Philadelphia FlyersLeft WingClaude Giroux
86%
Los Angeles KingsDefenceDrew Doughty
86%
Vancouver CanucksCentreElias Pettersson
86%
Buffalo SabresCentreJack Eichel
86%
Calgary FlamesLeft WingJohnny Gaudreau
86%
Tampa Bay LightningRight WingNikita Kucherov
86%
Nashville PredatorsGoaltenderPekka Rinne
86%
Carolina HurricanesCentreSebastian Aho
86%
New York RangersLeft WingArtemi Panarin
82%
New York IslandersCentreMathew Barzal
82%
Anaheim DucksGoaltenderJohn Gibson
79%
St. Louis BluesCentreRayn O'Reilly
75%
Winnipeg JetsCentreMark Scheifele
68%
Columbus Blue JacketsDefenceSeth Jones
68%
Ottawa SenatorsDefenceThomas Chabot
57%
New Jersey DevilsLeft WingTaylor Hall
54%
Minnesota WildGoaltenderDevan Dubnyk
50%
Arizona CoyotesRight WingPhil Kessel
50%

Score Distribution

Percentile by Number Answered

Percent of People with Each Score

Your Score History

You have not taken this quiz since the last reset